Ole Gunnar Solskjær's Besiktas - Statistics

General Stats
  • This quiz has been taken 11 times
  • The average score is 23 of 36
Answer Stats
Rank Player Position Nationality Matches Goals Assists % Correct
13 Ciro Immobile Centre-Forward 17 5 4
91%
5 Milot Rashica Right Winger 24 5 7
91%
29 Moatasem Al-Musrati Defensive Midfield 3 0 0
91%
2 Rafa Silva Second Striker 27 11 10
91%
9 Arthur Masuaku Left-Back 21 0 5
82%
6 Emirhan Topçu Centre-Back 23 1 0
82%
27 Ersin Destanoğlu Goalkeeper 5 0 0
82%
8 Felix Uduokhai Centre-Back 22 0 0
82%
1 João Mário Left Winger 28 10 3
82%
16 Amir Hadziahmetovic Defensive Midfield 15 0 0
73%
10 Ernest Muci Attacking Midfield 21 2 2
73%
12 Gabriel Paulista Centre-Back 19 0 2
73%
3 Jonas Svensson Right-Back 26 0 2
73%
4 Mert Günok Goalkeeper 24 0 0
73%
20 Salih Uçan Central Midfield 9 0 2
73%
31 Taylan Bulut Right-Back 3 0 0
73%
30 Wilfred Ndidi Defensive Midfield 3 0 0
73%
34 Bakhtiyor Zaynutdinov Left-Back 2 0 0
64%
36 Cher Ndour Central Midfield 1 0 0
64%
25 David Jurásek Left-Back 6 0 0
64%
7 Gedson Fernandes Central Midfield 22 4 1
64%
17 Keny Arroyo Right Winger 14 2 0
64%
19 Onur Bulut Right-Back 12 0 0
64%
11 Semih Kılıçsoy Centre-Forward 21 2 1
64%
21 Tammy Abraham Centre-Forward 7 6 2
64%
15 Alex Oxlade-Chamberlain Central Midfield 15 0 0
55%
33 Arda Kılıç Left Winger 2 0 0
55%
14 Mustafa Hekimoğlu Centre-Forward 16 2 2
55%
32 Necip Uysal Defensive Midfield 3 0 0
55%
22 Kartal Yılmaz Defensive Midfield 7 0 0
45%
23 Orkun Kökçü Central Midfield 6 0 1
45%
24 Demir Ege Tıknaz Defensive Midfield 6 1 0
36%
18 Tayyip Talha Sanuç Centre-Back 12 0 0
36%
26 Emrecan Terzi Left-Back 6 0 1
27%
28 Fahri Ay Central Midfield 4 0 0
18%
35 Tayfur Bingöl Central Midfield 2 0 0
9%
No matching quizzes found
Score Distribution
Percent of People with Each Score
Percentile by Number Answered
Your Score History
You have not taken this quiz